| 000 | 00952nac a22003011u 4500 | ||
|---|---|---|---|
| 003 | EG-ScBUE | ||
| 005 | 20220830111829.0 | ||
| 008 | 200219s2000 enka f b 001 0 eng d | ||
| 020 | _a9780674003767 | ||
| 020 | _a0674003764 | ||
| 040 |
_aEG-ScBUE _beng _erda _cEG-ScBUE _dEG-ScBUE |
||
| 082 | 0 | 4 |
_a709.32 _bROB _222 |
| 100 | 1 |
_aRobins, Gay, _eauthor. |
|
| 245 | 1 | 4 |
_aThe art of ancient Egypt / _cGay Robins. |
| 264 | 1 |
_aCambridge : _bHarvard University Press, _c2000. |
|
| 300 |
_a271 pages : _billustrations (some color) ; _c26 cm |
||
| 336 |
_2rdacontent _atext _btxt |
||
| 337 |
_2rdamedia _aunmediated _bn |
||
| 338 |
_2rdacarrier _avolume _bnc |
||
| 500 | _aDistributer: Al-Ahram | ||
| 504 | _aIncludes bibliographical references and index. | ||
| 650 | 7 |
_aArt, Egyptian. _2BUEsh |
|
| 650 | 7 |
_aArt, Ancient _zEgypt. _2BUEsh |
|
| 651 | _2BUEsh | ||
| 653 | _bART | ||
| 655 |
_vReading book _934232 |
||
| 942 |
_cBB _k709.32 ROB _2ddc |
||
| 999 |
_c9052 _d9052 |
||